[Event "Campodarsego op-B 17th"]
[Site "Campodarsego"]
[Date "2006.01.20"]
[Round "1"]
[White "Busa, Michele"]
[Black "Camonico, Andrea"]
[Result "1-0"]
[WhiteElo "1616"]
[BlackElo "1425"]
[PlyCount "63"]
[EventDate "2006.01.20"]
[EventType "swiss"]
[EventRounds "5"]
[EventCountry "ITA"]
[SourceTitle "EXT 2011"]
[Source "ChessBase"]
[SourceDate "2010.11.26"]
[SourceVersion "1"]
[SourceVersionDate "2010.11.26"]
[SourceQuality "1"]

1. Nf3 d5 2. g3 c6 3. Bg2 Nf6 4. d4 e6 5. 0-0 Be7 6. Ne5 0-0 7. c4 Nbd7 8. cxd5 exd5 9. Nc3 Bd6 10. Nf3 Re8 11. Qc2 h6 12. e4 Nxe4 13. Nxe4 dxe4 14. Nd2 Nf6 15. Nxe4 Nxe4 16. Bxe4 Bh3 17. Bg2 Bxg2 18. Kxg2 Qf6 19. Be3 Rac8 20. Rac1 Qe6 21. Rfe1 Qd5+ 22. Kg1 b6 23. Qe2 c5 24. Qg4 Qe6 25. Qxe6 Rxe6 26. dxc5 Bxc5 27. b4 Rec6 28. bxc5 bxc5 29. Rc4 Ra6 30. a4 Ra5 31. Rb1 a6 32. Bd2 1-0

[Event "Padova op-B 3rd"]
[Site "Padova"]
[Date "2000.12.10"]
[Round "5.14"]
[White "Busa, Michele"]
[Black "Opacic, Alexandar"]
[Result "0-1"]
[WhiteElo "1600"]
[BlackElo "1837"]
[PlyCount "71"]
[EventDate "2000.12.02"]
[EventType "swiss"]
[EventRounds "6"]
[EventCountry "ITA"]
[SourceTitle "EXT 2024"]
[Source "ChessBase"]
[SourceDate "2023.10.10"]
[SourceVersion "1"]
[SourceVersionDate "2023.10.10"]
[SourceQuality "1"]

1. Nf3 d5 2. g3 Nf6 3. d4 c6 4. Bg2 e6 5. 0-0 Nbd7 6. Nbd2 Bd6 7. Re1 0-0 8. c3 Ne4 9. Qc2 f5 10. Nxe4 fxe4 11. Ng5 Qf6 12. f3 h6 13. Nh3 e5 14. fxe4 exd4 15. exd5 dxc3 16. Qxc3 Ne5 17. Rf1 Qe7 18. Rxf8+ Qxf8 19. Bf4 Bc5+ 20. Kh1 Ng6 21. Rf1 Qe7 22. Qd3 Nf8 23. dxc6 bxc6 24. Nf2 Be6 25. Bxc6 Rd8 26. Qe4 Rd4 27. Qc2 Rc4 28. Qd3 Bxf2 29. Rxf2 Rxc6 30. Qe4 Qd7 31. Qb4 Ng6 32. Bd2 Bh3 33. Qb3+ Kh7 34. Bc3 Rd6 35. Be1 Qc6+ 36. Qf3 0-1

[Event "Padua Province-ch"]
[Site "Italy"]
[Date "2000.??.??"]
[Round "?"]
[White "Busa, Michele"]
[Black "Salata, Alessio"]
[Result "1-0"]
[WhiteElo "1564"]
[BlackElo "1558"]
[PlyCount "45"]
[EventDate "2000.??.??"]
[EventType "swiss"]
[EventRounds "6"]
[EventCountry "ITA"]
[SourceTitle "EXT 2024"]
[Source "ChessBase"]
[SourceDate "2023.10.10"]
[SourceVersion "1"]
[SourceVersionDate "2023.10.10"]
[SourceQuality "1"]

1. Nf3 d5 2. g3 Nf6 3. Bg2 e6 4. d4 c5 5. c3 Nc6 6. 0-0 Be7 7. Re1 0-0 8. e4 dxe4 9. Ng5 cxd4 10. cxd4 Nxd4 11. Qa4 Qb6 12. Be3 e5 13. Nc3 Bd7 14. Qd1 Bc5 15. Ngxe4 Nxe4 16. Nxe4 Bb4 17. Nc3 Bc6 18. Bxc6 Qxc6 19. Bxd4 Rad8 20. Rxe5 Bxc3 21. bxc3 Rc8 22. Qg4 Qa4 23. Ra5 1-0

[Event "Padua Province-ch"]
[Site "Italy"]
[Date "2000.??.??"]
[Round "?"]
[White "Busa, Michele"]
[Black "Zotti, Enrico"]
[Result "0-1"]
[WhiteElo "1564"]
[BlackElo "1704"]
[PlyCount "72"]
[EventDate "2000.??.??"]
[EventType "swiss"]
[EventRounds "6"]
[EventCountry "ITA"]
[SourceTitle "EXT 2024"]
[Source "ChessBase"]
[SourceDate "2023.10.10"]
[SourceVersion "1"]
[SourceVersionDate "2023.10.10"]
[SourceQuality "1"]

1. Nf3 Nf6 2. g3 d6 3. d4 g6 4. Bg2 Bg7 5. 0-0 0-0 6. c4 Nbd7 7. Nc3 e5 8. d5 h6 9. e4 Kh7 10. h3 Nc5 11. Ne1 a5 12. a4 Nfd7 13. Be3 f5 14. exf5 gxf5 15. Nd3 Nxd3 16. Qxd3 e4 17. Qd1 Ne5 18. b3 Bd7 19. Ra2 Nf3+ 20. Bxf3 Bxc3 21. Bg2 Qf6 22. Qc1 Rae8 23. Bxh6 Qxh6 24. Qxc3 f4 25. gxf4 Rg8 26. Kh1 Qxf4 27. Qe3 Qh4 28. Kh2 Re5 29. f4 exf3 30. Qxf3 Bf5 31. Qf4 Qh5 32. Rf3 Rg4 33. Qc1 Rxg2+ 34. Rxg2 Qxf3 35. Qg5 Qxh3+ 36. Kg1 Qe3+ 0-1

[Event "SEMI Italia Scacchistica C email"]
[Site "SEMI email"]
[Date "1999.??.??"]
[Round "?"]
[White "Busa, Michele"]
[Black "Fantoni, Franco"]
[Result "1-0"]
[WhiteElo "1567"]
[BlackElo "1511"]
[PlyCount "37"]
[EventDate "1999.??.??"]
[EventType "tourn (corr)"]
[EventRounds "10"]
[EventCountry "ITA"]
[SourceTitle "Corr 2008"]
[Source "ChessBase"]
[SourceDate "2008.06.24"]
[SourceVersion "1"]
[SourceVersionDate "2008.06.24"]
[SourceQuality "1"]

1. Nf3 Nf6 2. g3 d5 3. Bg2 c6 4. 0-0 Bf5 5. d3 Nbd7 6. Nbd2 e5 7. e4 Bg6 8. exd5 cxd5 9. Re1 Qc7 10. Nxe5 Nxe5 11. Nf3 Ne4 12. Nxe5 Qxe5 13. Bf4 Qe6 14. dxe4 dxe4 15. Qd4 f5 16. Rad1 a6 17. g4 Be7 18. gxf5 Bxf5 19. Bxe4 1-0

[Event "SEMI Italia Scacchistica C email"]
[Site "SEMI email"]
[Date "1999.??.??"]
[Round "?"]
[White "Busa, Michele"]
[Black "Ferrari, Cristiano"]
[Result "1/2-1/2"]
[WhiteElo "1567"]
[BlackElo "1630"]
[PlyCount "92"]
[EventDate "1999.??.??"]
[EventType "tourn (corr)"]
[EventRounds "10"]
[EventCountry "ITA"]
[SourceTitle "Corr 2008"]
[Source "ChessBase"]
[SourceDate "2008.06.24"]
[SourceVersion "1"]
[SourceVersionDate "2008.06.24"]
[SourceQuality "1"]

1. Nf3 Nf6 2. g3 g6 3. Bg2 Bg7 4. d4 0-0 5. c4 d6 6. Nc3 c5 7. 0-0 Nc6 8. d5 Na5 9. Qd3 e5 10. Nd2 Bd7 11. e4 a6 12. b3 Rb8 13. Bb2 b5 14. Rab1 Ne8 15. cxb5 axb5 16. Ne2 f5 17. f4 exf4 18. Nxf4 c4 19. Qe3 Nf6 20. h3 Re8 21. Bd4 Ra8 22. Rbe1 cxb3 23. axb3 Nb7 24. Qf2 Ra2 25. exf5 Qa5 26. Rxe8+ Nxe8 27. Bxg7 Nxg7 28. Rd1 Bxf5 29. g4 Bd7 30. Ne6 Qa7 31. Qxa7 Rxa7 32. Re1 Ne8 33. b4 h6 34. Be4 Ra2 35. Rf1 Bxe6 36. dxe6 Rxd2 37. e7 Kg7 38. Bc6 Re2 39. Bxe8 Rxe7 40. Bxb5 Nd8 41. Rb1 d5 42. Bf1 Kf6 43. Bg2 Rd7 44. b5 Ke5 45. b6 Nb7 46. Kf2 Kd4 1/2-1/2

[Event "Padova op-A 1st"]
[Site "Padova"]
[Date "1998.12.20"]
[Round "5.12"]
[White "Trangoni, Bruno"]
[Black "Busa, Michele"]
[Result "1/2-1/2"]
[WhiteElo "1650"]
[BlackElo "1567"]
[PlyCount "75"]
[EventDate "1998.12.12"]
[EventType "swiss"]
[EventRounds "6"]
[EventCountry "ITA"]
[SourceTitle "EXT 2023"]
[Source "ChessBase"]
[SourceDate "2022.10.05"]
[SourceVersion "1"]
[SourceVersionDate "2022.10.05"]
[SourceQuality "1"]

1. e4 g6 2. d4 Bg7 3. Nc3 d6 4. f4 e6 5. Nf3 Ne7 6. Bc4 a6 7. a3 b5 8. Bd3 Nd7 9. 0-0 0-0 10. Qe1 c5 11. Be3 Nc6 12. d5 exd5 13. Nxd5 c4 14. Be2 Bxb2 15. Rb1 Bxa3 16. Qc3 Bc5 17. Bxc5 dxc5 18. Rfd1 Nb4 19. Nxb4 cxb4 20. Qxb4 Qc7 21. Qd2 Nc5 22. e5 Ne4 23. Qe3 Qc5 24. Rd4 Bf5 25. Rxe4 Qxe3+ 26. Rxe3 Bxc2 27. Rb2 Bf5 28. Ra3 Rfc8 29. Rc3 Rab8 30. Nd4 Be4 31. Ra2 Rb6 32. Nc2 b4 33. Rxc4 Rxc4 34. Bxc4 b3 35. Bxb3 Rxb3 36. Nd4 Rb1+ 37. Kf2 Bd3 38. Ke3 1/2-1/2

[Event "Padova op-A 1st"]
[Site "Padova"]
[Date "1998.12.13"]
[Round "2.27"]
[White "Fontana, Alessandro"]
[Black "Busa, Michele"]
[Result "1/2-1/2"]
[WhiteElo "1500"]
[BlackElo "1567"]
[PlyCount "53"]
[EventDate "1998.12.12"]
[EventType "swiss"]
[EventRounds "6"]
[EventCountry "ITA"]
[SourceTitle "EXT 2023"]
[Source "ChessBase"]
[SourceDate "2022.10.05"]
[SourceVersion "1"]
[SourceVersionDate "2022.10.05"]
[SourceQuality "1"]

1. e4 g6 2. d4 Bg7 3. Nf3 d6 4. Bc4 c6 5. Nc3 b5 6. Bb3 Nf6 7. Qd3 Nbd7 8. 0-0 0-0 9. Bf4 Qc7 10. Qe3 Ng4 11. Qd2 e5 12. h3 exf4 13. hxg4 Nf6 14. g5 Nh5 15. d5 b4 16. Nd1 c5 17. c3 a5 18. a3 c4 19. Bc2 b3 20. Bb1 Qe7 21. Qe2 Bg4 22. Qxc4 Bxf3 23. gxf3 Qxg5+ 24. Kh2 Qh4+ 25. Kg2 Qg5+ 26. Kh2 Qh4+ 27. Kg2 1/2-1/2